[Event "Play for Durgesh Fundraiser Blitz"]
[Site "Vishy Anand Arena"]
[Date "2020.09.19"]
[Round "7"]
[White "Harshpatil"]
[Black "Vishykrish"]
[Result "1-0"]
[WhiteElo "1350"]
[BlackElo "1160"]
[Annotator "NA"]
[PlyCount "91"]
[EventDate "2020.09.19"]
[EventType "swiss (blitz)"]

1. e4 e5 2. Qh5 Nc6 3. Bc4 g6 4. Qf3 Nf6 5. d3 Bg7 6. Ne2 O-O 7. O-O d6 8. Bg5 Bg4 9. Bxf6 Bxf3 10. Bxd8 Bxe2 11. Re1 Raxd8 12. Rxe2 Nd4 13. Rd2 Bh6 14. Rd1 Nxc2 15. Nc3 Nxa1 16. Rxa1 c6 17. Rd1 b5 18. Bb3 a5 19. a4 bxa4 20. Bxa4 Rb8 21. Bxc6 Rxb2 22. d4 exd4 23. Rxd4 Rc2 24. Ne2 Rxe2 25. Kf1 Rb2 26. Rxd6 Rb1+ 27. Ke2 Rb2+ 28. Kf3 Rb3+ 29. Kg4 f5+ 30. Kh4 g5+ 31. Kh5 Bg7 32. Bd5+ Kh8 33. Bxb3 f4 34. g3 fxg3 35. hxg3 Rxf2 36. Rd8+ Bf8 37. Kxg5 Kg7 38. Rd7+ Kh8 39. e5 Re2 40. e6 Re3 41. Bd5 Rxg3+ 42. Kf6 Bg7+ 43. Kf7 Rg6 44. Rd8+ Bf8 45. Rxf8+ Rg8 46. Rxg8# 1-0

[Event "Play for Durgesh Fundraiser Blitz"]
[Site "Vishy Anand Arena"]
[Date "2020.09.19"]
[Round "7"]
[White "Aryaman_tickoo"]
[Black "bhaveshvyas_01"]
[Result "1-0"]
[WhiteElo "1333"]
[BlackElo "1383"]
[Annotator "NA"]
[PlyCount "77"]
[EventDate "2020.09.19"]
[EventType "swiss (blitz)"]

1. e4 e5 2. Nf3 Nc6 3. Bc4 Bc5 4. b4 Be7 5. c3 f6 6. a4 d6 7. d4 a5 8. b5 Na7 9. O-O Bg4 10. h3 Bxf3 11. Qxf3 Nh6 12. Bxh6 gxh6 13. dxe5 dxe5 14. Rd1 Bd6 15. Qh5+ Kd7 16. Qf7+ Qe7 17. Qh5 Rad8 18. Na3 Kc8 19. Bb3 Bxa3 20. Qf5+ Kb8 21. Rxd8+ Rxd8 22. Qh5 Bb2 23. Rb1 Bxc3 24. Qxh6 Nc8 25. Qc1 Bd4 26. Bd5 Nd6 27. b6 Rc8 28. bxc7+ Rxc7 29. Qd2 Nc4 30. Qh6 Nd2 31. Qxd2 Bc3 32. Qd3 Qd6 33. Rc1 Qa3 34. Rc2 Qa1+ 35. Kh2 Bb2 36. Rxc7 Kxc7 37. Qc4+ Kb8 38. Qb5 Qxa4 39. Qxb7# 1-0

[Event "Play for Durgesh Fundraiser Blitz"]
[Site "Vishy Anand Arena"]
[Date "2020.09.19"]
[Round "7"]
[White "Vivaan harjani"]
[Black "Supriya H B"]
[Result "0-1"]
[WhiteElo "1329"]
[BlackElo "1357"]
[Annotator "NA"]
[PlyCount "68"]
[EventDate "2020.09.19"]
[EventType "swiss (blitz)"]

1. e4 c5 2. Nf3 Nc6 3. Nc3 d6 4. Bb5 Bd7 5. Bxc6 Bxc6 6. d4 cxd4 7. Nxd4 Nf6 8. Nxc6 bxc6 9. Bg5 g6 10. Bxf6 exf6 11. f4 Be7 12. e5 fxe5 13. fxe5 dxe5 14. Qxd8+ Rxd8 15. O-O O-O 16. Ne4 f5 17. Ng3 e4 18. Rad1 Bf6 19. Rxd8 Rxd8 20. Ne2 Bxb2 21. Rb1 Bf6 22. Rb7 a5 23. Rb6 Rd2 24. Rxc6 Rxe2 25. Rxf6 Rxc2 26. Rb6 Rxa2 27. h3 a4 28. Ra6 a3 29. Kh2 Ra1 30. Ra8+ Kg7 31. Ra7+ Kh6 32. Ra4 Kg5 33. g4 Ra2+ 34. Kg3 f4# 0-1

[Event "Play for Durgesh Fundraiser Blitz"]
[Site "Vishy Anand Arena"]
[Date "2020.09.19"]
[Round "7"]
[White "Sidhurajesh"]
[Black "Mithilesh2009"]
[Result "0-1"]
[WhiteElo "1302"]
[BlackElo "1449"]
[Annotator "NA"]
[PlyCount "52"]
[EventDate "2020.09.19"]
[EventType "swiss (blitz)"]

1. e4 e5 2. d4 exd4 3. Bc4 Nf6 4. Nf3 Bc5 5. e5 Ne4 6. Qd3 d5 7. Bb5+ c6 8. Ba4 Bf5 9. Qe2 Qa5+ 10. c3 Qxa4 11. Nbd2 Nxd2 12. Bxd2 O-O 13. cxd4 Bb4 14. Kf1 Bxd2 15. Qxd2 Qa6+ 16. Qe2 Bd3 17. Ke1 Bxe2 18. Kd2 Bxf3 19. gxf3 b6 20. Rhg1 c5 21. Rg4 cxd4 22. Re4 dxe4 23. fxe4 Nc6 24. e6 fxe6 25. e5 Rxf2+ 26. Kc1 Qf1# 0-1

[Event "Play for Durgesh Fundraiser Blitz"]
[Site "Vishy Anand Arena"]
[Date "2020.09.19"]
[Round "7"]
[White "Conqueror007"]
[Black "Monideepbanerjee"]
[Result "1-0"]
[WhiteElo "1299"]
[BlackElo "1484"]
[Annotator "NA"]
[PlyCount "37"]
[EventDate "2020.09.19"]
[EventType "swiss (blitz)"]

1. d4 d5 2. c4 dxc4 3. Nc3 a6 4. e3 b5 5. a4 c6 6. axb5 cxb5 7. Nxb5 Bb7 8. Nc3 e6 9. Nf3 Nf6 10. Bxc4 Bb4 11. O-O O-O 12. Bd2 Bxc3 13. Bxc3 Bxf3 14. Qxf3 Nbd7 15. Qg3 Ne4 16. Qh3 Nxc3 17. bxc3 Qb6 18. Bd3 Qd6 19. Qxh7# 1-0

[Event "Play for Durgesh Fundraiser Blitz"]
[Site "Vishy Anand Arena"]
[Date "2020.09.19"]
[Round "7"]
[White "Spoorthikiran"]
[Black "ruhikansb"]
[Result "0-1"]
[WhiteElo "1261"]
[BlackElo "1241"]
[Annotator "NA"]
[PlyCount "82"]
[EventDate "2020.09.19"]
[EventType "swiss (blitz)"]

1. d4 d5 2. Nf3 Nc6 3. e3 Nf6 4. Bd3 e6 5. O-O Bd7 6. Nbd2 Be7 7. c4 dxc4 8. Nxc4 O-O 9. e4 Re8 10. e5 Nd5 11. Bc2 Ndb4 12. Bb1 b5 13. a3 bxc4 14. axb4 Nxb4 15. Qe2 Bc6 16. Bd2 f6 17. exf6 Bxf6 18. Bxb4 Be7 19. Bxe7 Qxe7 20. Qc2 g6 21. Qxc4 Bd5 22. Qd3 Rab8 23. Ra2 Bxa2 24. Bxa2 Rxb2 25. Bb1 Rb6 26. Ne5 Qd6 27. Re1 Reb8 28. Bc2 Qb4 29. Rf1 Qb2 30. Nd7 Qb5 31. Qxb5 Rxb5 32. Nxb8 Rxb8 33. Re1 Kf7 34. h3 a5 35. Kf1 Rb4 36. Ke2 a4 37. Ke3 a3 38. Ra1 Rb2 39. f3 Rxc2 40. Rxa3 g5 41. Ra7 Kf6 0-1

[Event "Play for Durgesh Fundraiser Blitz"]
[Site "Vishy Anand Arena"]
[Date "2020.09.19"]
[Round "7"]
[White "Cubing siddanth"]
[Black "Soham Sheogekar"]
[Result "1-0"]
[WhiteElo "1249"]
[BlackElo "1513"]
[Annotator "NA"]
[PlyCount "23"]
[EventDate "2020.09.19"]
[EventType "swiss (blitz)"]

1. e4 c5 2. Nf3 Nc6 3. Nc3 e6 4. Bc4 Nf6 5. b3 d5 6. exd5 exd5 7. Bd3 d4 8. Nxd4 cxd4 9. Qe2+ Be7 10. Ne4 Nxe4 11. Qxe4 O-O 12. Qxh7# 1-0

[Event "Play for Durgesh Fundraiser Blitz"]
[Site "Vishy Anand Arena"]
[Date "2020.09.19"]
[Round "7"]
[White "Jiakher"]
[Black "nishu123"]
[Result "0-1"]
[WhiteElo "1242"]
[BlackElo "1282"]
[Annotator "NA"]
[PlyCount "66"]
[EventDate "2020.09.19"]
[EventType "swiss (blitz)"]

1. e4 c5 2. Nf3 d6 3. Ng5 Nf6 4. c4 a6 5. Bd3 e6 6. Na3 Nfd7 7. Qg4 e5 8. Nxf7 Kxf7 9. Qh5+ Kg8 10. b4 cxb4 11. Nc2 Nf6 12. Qf5 Bxf5 13. exf5 Ng4 14. h3 Nh6 15. Nxb4 Qb6 16. Nd5 Qc5 17. Ba3 Qd4 18. Bb1 Qxa1 19. Bc5 Qxb1+ 20. Ke2 Qxh1 21. Nc7 dxc5 22. Nxa8 Qxg2 23. Ke3 b5 24. Kd3 Qxa8 25. cxb5 Qd5+ 26. Kc3 Nxf5 27. bxa6 Nxa6 28. d3 Qc6 29. d4 exd4+ 30. Kb3 Qb5+ 31. Kc2 Nb4+ 32. Kd2 Qd3+ 33. Ke1 Nc2# 0-1

[Event "Play for Durgesh Fundraiser Blitz"]
[Site "Vishy Anand Arena"]
[Date "2020.09.19"]
[Round "7"]
[White "Yutikareddi"]
[Black "Shashank N D"]
[Result "0-1"]
[WhiteElo "1239"]
[BlackElo "1291"]
[Annotator "NA"]
[PlyCount "68"]
[EventDate "2020.09.19"]
[EventType "swiss (blitz)"]

1. e4 e5 2. Nf3 Nc6 3. Nc3 Nf6 4. Bc4 h6 5. d3 d6 6. O-O Bg4 7. h3 Bxf3 8. Qxf3 Nd4 9. Qg3 Nxc2 10. Rb1 Be7 11. Qxg7 Kd7 12. Qxf7 Rf8 13. Qe6+ Ke8 14. Bxh6 Rf7 15. Qxf7+ Kd7 16. Nb5 c6 17. Qe6+ Ke8 18. Nc3 Qd7 19. Qf7+ Kd8 20. Qf8+ Qe8 21. Qg7 Kc7 22. Qg5 Rd8 23. Qf5 Kb8 24. Bg5 Qf8 25. Ba6 bxa6 26. Qf3 Nd4 27. Qd1 Nh7 28. Be3 c5 29. Bxd4 cxd4 30. Qb3+ Ka8 31. Na4 Rb8 32. Qd5+ Rb7 33. Rfc1 Nf6 34. Qc6 Qd8 0-1

[Event "Play for Durgesh Fundraiser Blitz"]
[Site "Vishy Anand Arena"]
[Date "2020.09.19"]
[Round "7"]
[White "AshokJV"]
[Black "Hemanthagowda23"]
[Result "0-1"]
[WhiteElo "1235"]
[BlackElo "1456"]
[Annotator "NA"]
[PlyCount "99"]
[EventDate "2020.09.19"]
[EventType "swiss (blitz)"]

1. e4 e5 2. Nf3 Nc6 3. Bb5 Nf6 4. d3 Ne7 5. Bg5 c6 6. Bc4 d5 7. exd5 cxd5 8. Bb3 Bg4 9. Bxf6 Bxf3 10. Qxf3 gxf6 11. Qxf6 Ng6 12. Qxd8+ Rxd8 13. O-O Bg7 14. Nc3 d4 15. Ne4 O-O 16. Rae1 Kh8 17. h3 Nf4 18. Nd2 Bh6 19. Nf3 a5 20. Nxe5 f6 21. Nf7+ Kg7 22. Nxd8 Rxd8 23. Re7+ Kg6 24. Rfe1 b5 25. g3 Nxh3+ 26. Kg2 Ng5 27. f4 a4 28. Be6 Nxe6 29. R7xe6 Rb8 30. g4 Bxf4 31. Rf1 Bg5 32. Rd6 Be3 33. c3 dxc3 34. Rfxf6+ Kg7 35. bxc3 Bg5 36. Rf5 Bh6 37. Re5 Bf4 38. g5 Bxe5 39. Rd7+ Kg6 40. Rd5 Bxc3 41. Rc5 Bd4 42. Rc6+ Kxg5 43. Rd6 Be5 44. Rc6 Kf4 45. Re6 h5 46. Rh6 Kg4 47. Rg6+ Kf5 48. Rh6 Kg5 49. Rh7 Rc8 50. Rf7 0-1

[Event "Play for Durgesh Fundraiser Blitz"]
[Site "Vishy Anand Arena"]
[Date "2020.09.19"]
[Round "7"]
[White "RuchirNSB"]
[Black "Shivanibai"]
[Result "1-0"]
[WhiteElo "1234"]
[BlackElo "1341"]
[Annotator "NA"]
[PlyCount "41"]
[EventDate "2020.09.19"]
[EventType "swiss (blitz)"]

1. e4 e5 2. Nf3 Nc6 3. d4 exd4 4. Bc4 Nf6 5. e5 Ne4 6. O-O d5 7. exd6 Nxd6 8. Re1+ Be7 9. Bb3 O-O 10. Nxd4 Nxd4 11. Qxd4 Bf6 12. Qd1 Re8 13. Nc3 Bf5 14. Nd5 Bg4 15. Rxe8+ Qxe8 16. Nxf6+ gxf6 17. Qxg4+ Kh8 18. Bh6 Qg8 19. Qf4 Re8 20. Qxf6+ Qg7 21. Qxg7# 1-0

[Event "Play for Durgesh Fundraiser Blitz"]
[Site "Vishy Anand Arena"]
[Date "2020.09.19"]
[Round "7"]
[White "Govin4475"]
[Black "Aryn"]
[Result "0-1"]
[WhiteElo "1219"]
[BlackElo "1544"]
[Annotator "NA"]
[PlyCount "54"]
[EventDate "2020.09.19"]
[EventType "swiss (blitz)"]

1. Nf3 d5 2. g3 Nc6 3. Bg2 Bf5 4. d3 Nb4 5. Nbd2 Nf6 6. e4 dxe4 7. dxe4 Nxe4 8. Nxe4 Bxe4 9. O-O e6 10. Nd4 Bxg2 11. Kxg2 Bc5 12. c3 Bxd4 13. Qxd4 Nc2 14. Qa4+ c6 15. Qxc2 Qd5+ 16. Kg1 O-O 17. Rd1 Qh5 18. Be3 Rad8 19. Rxd8 Rxd8 20. a4 Rd6 21. Bf4 e5 22. Be3 Rg6 23. Qd3 f5 24. Rd1 h6 25. Qd8+ Kh7 26. Rf1 f4 27. Bd2 f3 0-1

[Event "Play for Durgesh Fundraiser Blitz"]
[Site "Vishy Anand Arena"]
[Date "2020.09.19"]
[Round "7"]
[White "The_nicepencil1812"]
[Black "Captain marvel"]
[Result "0-1"]
[WhiteElo "1147"]
[BlackElo "1416"]
[Annotator "NA"]
[PlyCount "76"]
[EventDate "2020.09.19"]
[EventType "swiss (blitz)"]

1. e4 e5 2. Bc4 Bc5 3. Qf3 Nf6 4. d3 Nc6 5. Qd1 O-O 6. Nf3 Ng4 7. Bg5 Nf6 8. Nc3 h6 9. Bh4 Be7 10. d4 exd4 11. Ne5 d6 12. Nb5 dxe5 13. Kf1 Bg4 14. Rg1 Bxd1 15. Rxd1 a6 16. Nc3 b5 17. Bxf7+ Rxf7 18. Rd2 b4 19. Na4 Nxe4 20. Re2 Bxh4 21. Rxe4 Rxf2+ 22. Ke1 Rxg2+ 23. Rxh4 Rxg1+ 24. Ke2 Qxh4 25. c3 Qe1+ 26. Kd3 e4+ 27. Kc4 Ne5+ 28. Kc5 Nd3+ 29. Kd5 Rg5+ 30. Kc4 Qe3 31. Nc5 Ne5+ 32. Kb3 a5 33. Ka4 bxc3 34. Kb5 cxb2 35. Nb7 b1=Q+ 36. Kc5 Qbc1+ 37. Kb5 Qb1+ 38. Kc5 Rb8 0-1

[Event "Play for Durgesh Fundraiser Blitz"]
[Site "Vishy Anand Arena"]
[Date "2020.09.19"]
[Round "7"]
[White "Ishaan31"]
[Black "Saharshkuna"]
[Result "1-0"]
[WhiteElo "1125"]
[BlackElo "1317"]
[Annotator "NA"]
[PlyCount "61"]
[EventDate "2020.09.19"]
[EventType "swiss (blitz)"]

1. e4 e5 2. Nf3 Nc6 3. Bc4 Bc5 4. Nc3 Nf6 5. d3 O-O 6. Bg5 h6 7. Bh4 g5 8. Bg3 d6 9. Qd2 Bg4 10. O-O-O Qe7 11. Kb1 Rae8 12. h3 Bh5 13. h4 gxh4 14. Bxh4 Kh7 15. Na4 Bb6 16. Nxb6 cxb6 17. g4 Bg6 18. Bxf6 Qxf6 19. Qxh6+ Kg8 20. Ng5 Qg7 21. Nh7 Qxh6 22. Rxh6 Bxh7 23. Rdh1 Bxe4 24. dxe4 Kg7 25. Rh7+ Kg6 26. R1h6+ Kg5 27. Rh5+ Kxg4 28. Rh4+ Kg5 29. Rh1 Rh8 30. Rg1+ Kf6 31. Rxf7# 1-0

[Event "Play for Durgesh Fundraiser Blitz"]
[Site "Vishy Anand Arena"]
[Date "2020.09.19"]
[Round "7"]
[White "Dhruvika"]
[Black "Maharajamaharaja"]
[Result "0-1"]
[WhiteElo "1114"]
[BlackElo "1511"]
[Annotator "NA"]
[PlyCount "32"]
[EventDate "2020.09.19"]
[EventType "swiss (blitz)"]

1. e4 c5 2. Qh5 d6 3. Qg5 h6 4. Qh4 Nf6 5. Qf4 e5 6. Qe3 Be7 7. Qf3 O-O 8. Qe3 Nc6 9. Be2 Nd4 10. Qd3 a6 11. f3 Bd7 12. Bd1 Bb5 13. Qe3 d5 14. Qf2 dxe4 15. fxe4 Nxe4 16. Qf1 Bh4+ 0-1

[Event "Play for Durgesh Fundraiser Blitz"]
[Site "Vishy Anand Arena"]
[Date "2020.09.19"]
[Round "7"]
[White "SHUSHANTH 4789"]
[Black "Shreedharlohar"]
[Result "0-1"]
[WhiteElo "1059"]
[BlackElo "1143"]
[Annotator "NA"]
[PlyCount "28"]
[EventDate "2020.09.19"]
[EventType "swiss (blitz)"]

1. e4 e5 2. Nf3 Nc6 3. Bc4 h6 4. O-O Bc5 5. Qe2 Nf6 6. g4 d6 7. g5 hxg5 8. Nxg5 Be6 9. Nxf7 Bxf7 10. Bxf7+ Kxf7 11. Qf3 Nd4 12. Qd1 Nxe4 13. d3 Qh4 14. dxe4 Qxh2# 0-1

[Event "Play for Durgesh Fundraiser Blitz"]
[Site "Vishy Anand Arena"]
[Date "2020.09.19"]
[Round "7"]
[White "Queenbee1"]
[Black "Invokeanand"]
[Result "0-1"]
[WhiteElo "980"]
[BlackElo "1443"]
[Annotator "NA"]
[PlyCount "66"]
[EventDate "2020.09.19"]
[EventType "swiss (blitz)"]

1. e4 e5 2. Nf3 Nc6 3. Bc4 d6 4. h3 Nf6 5. Nc3 a6 6. Bb3 Be6 7. d3 Bxb3 8. axb3 Be7 9. Be3 O-O 10. O-O Nh5 11. Re1 Bf6 12. Nd2 Ne7 13. Qxh5 g6 14. Qd1 c6 15. Bh6 Re8 16. Be3 d5 17. d4 exd4 18. Bxd4 Bxd4 19. exd5 Qd6 20. Nf3 Bf6 21. dxc6 Qxc6 22. Ne4 Rad8 23. Qe2 Bg7 24. Nfg5 Nf5 25. Qf3 Bh6 26. g4 Bxg5 27. Nxg5 Qf6 28. Rxe8+ Rxe8 29. gxf5 Qxg5+ 30. Qg4 Qxg4+ 31. hxg4 Re4 32. Rf1 Rxg4+ 33. Kh1 Rh4+ 0-1

[Event "Play for Durgesh Fundraiser Blitz"]
[Site "Vishy Anand Arena"]
[Date "2020.09.19"]
[Round "8"]
[White "Babysnake"]
[Black "Kikku"]
[Result "1-0"]
[WhiteElo "2490"]
[BlackElo "2050"]
[Annotator "TA"]
[PlyCount "69"]
[EventDate "2020.09.19"]
[EventType "swiss (blitz)"]

1. d4 f5 2. h3 d6 3. g4 Nc6 4. Nc3 Nf6 5. g5 Ng8 6. h4 e5 7. d5 Nce7 8. Bh3 g6 9. h5 gxh5 10. e4 f4 11. Qxh5+ Ng6 12. Nf3 Bxh3 13. Rxh3 N8e7 14. Qg4 Qd7 15. Qxd7+ Kxd7 16. Bd2 c6 17. O-O-O cxd5 18. exd5 Bg7 19. Rdh1 Nf5 20. Rxh7 Rxh7 21. Rxh7 Rh8 22. Rxh8 Bxh8 23. Ne4 Ngh4 24. Nxh4 Nxh4 25. Kd1 Bg7 26. Ke2 Nf5 27. c3 Ne7 28. c4 Nf5 29. Bc3 Bh8 30. Kf3 Bg7 31. Kg4 Ne7 32. Kh5 b6 33. Bb4 Nc8 34. Kg6 Bf8 35. Kf7 1-0

[Event "Play for Durgesh Fundraiser Blitz"]
[Site "Vishy Anand Arena"]
[Date "2020.09.19"]
[Round "8"]
[White "IndianKing97"]
[Black "Carlashis"]
[Result "0-1"]
[WhiteElo "2405"]
[BlackElo "2058"]
[Annotator "NA"]
[PlyCount "72"]
[EventDate "2020.09.19"]
[EventType "swiss (blitz)"]

1. c4 Nf6 2. g3 g6 3. Bg2 c5 4. Nc3 Bg7 5. Nf3 a6 6. O-O O-O 7. d4 cxd4 8. Nxd4 d6 9. e4 Bd7 10. h3 Nc6 11. Be3 Nxd4 12. Bxd4 Rc8 13. b3 b5 14. Qd3 bxc4 15. bxc4 Qc7 16. Bxf6 Bxf6 17. Nd5 Qxc4 18. Nxf6+ exf6 19. Qxd6 Be6 20. Qf4 Kg7 21. h4 Rfd8 22. h5 g5 23. h6+ Kg6 24. Qe3 Rd3 25. Qb6 Qc5 26. Qxa6 Rxg3 27. Rac1 Qxc1 28. Rxc1 Rxc1+ 29. Kh2 Rg4 30. f3 Rh4+ 31. Kg3 Rc2 32. a4 Kxh6 33. a5 Kg6 34. Qd3 Ra2 35. a6 h5 36. Qd8 Rh3+ 0-1

[Event "Play for Durgesh Fundraiser Blitz"]
[Site "Vishy Anand Arena"]
[Date "2020.09.19"]
[Round "8"]
[White "Arjunkalyan"]
[Black "lsr"]
[Result "*"]
[WhiteElo "2374"]
[BlackElo "2188"]
[PlyCount "59"]
[EventDate "2020.09.19"]
[EventType "swiss (blitz)"]

1. e4 e6 2. d4 d5 3. Nc3 Nc6 4. Nf3 Nf6 5. Bd3 dxe4 6. Nxe4 Be7 7. O-O O-O 8. c3 Re8 9. Qe2 Bd7 10. h3 Nxe4 11. Bxe4 Bf6 12. Bf4 Kh8 13. Rad1 Qc8 14. Qd3 h6 15. Bg3 Ne7 16. Ne5 Bxe5 17. Bxe5 Bc6 18. Qe3 Kg8 19. Bc2 Nf5 20. Bxf5 exf5 21. Qg3 g6 22. Qh4 Kh7 23. Qf6 Rxe5 24. Qxf7+ Kh8 25. dxe5 Qe8 26. Qf6+ Kg8 27. e6 Kh7 28. e7 Qh8 29. Qxh8+ Rxh8 30. Rd8 *

[Event "Play for Durgesh Fundraiser Blitz"]
[Site "Vishy Anand Arena"]
[Date "2020.09.19"]
[Round "8"]
[White "Boobyfisher"]
[Black "Terryr"]
[Result "0-1"]
[WhiteElo "2364"]
[BlackElo "2527"]
[PlyCount "186"]
[EventDate "2020.09.19"]
[EventType "swiss (blitz)"]

1. d4 e6 2. c4 Bb4+ 3. Bd2 Qe7 4. Nf3 Nf6 5. e3 O-O 6. Be2 Bxd2+ 7. Qxd2 d6 8. Nc3 e5 9. O-O c6 10. Qc2 e4 11. Nd2 Re8 12. b4 Bf5 13. Rfc1 Nbd7 14. a4 a5 15. bxa5 Rxa5 16. Rcb1 Ra7 17. a5 Rea8 18. Nb3 h5 19. Na4 Qd8 20. c5 d5 21. Nb6 Rb8 22. Ra2 h4 23. h3 g5 24. Qd1 Nf8 25. Rba1 Kg7 26. a6 bxa6 27. Rxa6 Rxa6 28. Rxa6 N8d7 29. Na5 Qc7 30. Qa4 Nxb6 31. Qxc6 Qxc6 32. Nxc6 Nbd7 33. Nxb8 Nxb8 34. Rb6 Nbd7 35. Rb7 Nf8 36. c6 Ne8 37. Ba6 Bc8 38. Ra7 Bxa6 39. Rxa6 Ne6 40. Ra8 N8c7 41. Rb8 Kf6 42. Kf1 Ke7 43. Rb6 Kd6 44. Ke2 Na8 45. Ra6 Nac7 46. Rb6 f5 47. Kd2 Na8 48. Rb8 Nac7 49. Rb6 Nd8 50. Kc3 Nxc6 51. Rb7 Kd7 52. Rb6 Ne6 53. Rb7+ Nc7 54. Rb6 f4 55. Kd2 f3 56. gxf3 exf3 57. Ke1 Kd6 58. Kd2 Ne6 59. Kd3 Kd7 60. e4 Nf4+ 61. Ke3 dxe4 62. Kxe4 Nxh3 63. Kxf3 Nxd4+ 64. Kg4 Nxf2+ 65. Kxg5 h3 66. Rh6 h2 67. Rxh2 Nf3+ 68. Kf4 Nxh2 69. Kg3 Nhg4 70. Kf3 Ke6 71. Kf4 Kf6 72. Kf3 Kg5 73. Kg3 Ne4+ 74. Kf3 Ngf6 75. Ke2 Kf5 76. Ke3 Ke5 77. Kf3 Nd6 78. Ke3 Nd5+ 79. Kf3 Kd4 80. Kg4 Ke4 81. Kg5 Ne3 82. Kg6 Ndf5 83. Kf7 Kf4 84. Kf6 Nd4 85. Kf7 Ke4 86. Ke8 Ke5 87. Kd8 Nd5 88. Kd7 Ne6 89. Ke8 Nef4 90. Kf7 Kf5 91. Kf8 Nf6 92. Kf7 Ng6 93. Kg7 Ne5 0-1

[Event "Play for Durgesh Fundraiser Blitz"]
[Site "Vishy Anand Arena"]
[Date "2020.09.19"]
[Round "8"]
[White "KananGarayev"]
[Black "Rasulov Vugar"]
[Result "0-1"]
[WhiteElo "2317"]
[BlackElo "2505"]
[PlyCount "72"]
[EventDate "2020.09.19"]
[EventType "swiss (blitz)"]

1. c4 g6 2. d4 Bg7 3. Nc3 d6 4. Nf3 e5 5. e4 exd4 6. Nxd4 Nc6 7. Be3 Nge7 8. g3 O-O 9. Bg2 Ne5 10. b3 Ng4 11. Qd2 Nxe3 12. Qxe3 Nc6 13. Nxc6 bxc6 14. O-O Re8 15. Rac1 Qe7 16. Na4 c5 17. e5 Rb8 18. exd6 Qxe3 19. fxe3 cxd6 20. Bd5 Be6 21. e4 Bxd5 22. exd5 Re2 23. Rce1 Rbe8 24. Rxe2 Rxe2 25. Rb1 Rxa2 26. Re1 Kf8 27. Kh1 Bd4 28. Rf1 h5 29. Rf3 Rc2 30. Rd3 Be5 31. Rf3 f5 32. Kg1 Kf7 33. h3 Kf6 34. g4 hxg4 35. hxg4 f4 36. Kf1 Kg5 0-1

[Event "Play for Durgesh Fundraiser Blitz"]
[Site "Vishy Anand Arena"]
[Date "2020.09.19"]
[Round "8"]
[White "VugarAsadli"]
[Black "LAXMAN"]
[Result "1-0"]
[WhiteElo "2282"]
[BlackElo "2419"]
[PlyCount "55"]
[EventDate "2020.09.19"]
[EventType "swiss (blitz)"]

1. e4 e5 2. Nf3 Nc6 3. Nc3 Nf6 4. a3 g6 5. d4 exd4 6. Nxd4 Bg7 7. Nxc6 bxc6 8. e5 Qe7 9. Qe2 Nd5 10. Nxd5 cxd5 11. Bf4 O-O 12. O-O-O Rb8 13. Rxd5 Re8 14. Qe3 d6 15. Qxa7 Be6 16. Ra5 dxe5 17. Be3 e4 18. Bd4 Qh4 19. Bxg7 Kxg7 20. Be2 Rb6 21. Qxc7 Reb8 22. Qe5+ Kg8 23. Rb5 Qxf2 24. Rxb6 Qe3+ 25. Kb1 Rxb6 26. Rd1 Kf8 27. Qh8+ Ke7 28. Qd8# 1-0

[Event "Play for Durgesh Fundraiser Blitz"]
[Site "Vishy Anand Arena"]
[Date "2020.09.19"]
[Round "8"]
[White "Gak_chess"]
[Black "Suyu28"]
[Result "1-0"]
[WhiteElo "2261"]
[BlackElo "2153"]
[Annotator "NA"]
[PlyCount "69"]
[EventDate "2020.09.19"]
[EventType "swiss (blitz)"]

1. c4 c6 2. Nf3 d5 3. e3 Nf6 4. Nc3 e6 5. Qc2 Nbd7 6. b3 Bd6 7. Bb2 O-O 8. g4 Re8 9. g5 Nh5 10. h4 b6 11. Be2 Bb7 12. Nd4 g6 13. Bxh5 gxh5 14. Rg1 Nf8 15. Nce2 Ng6 16. Ng3 Bxg3 17. Rxg3 c5 18. Ne2 e5 19. cxd5 Qxd5 20. O-O-O a5 21. Nc3 Qd7 22. f4 exf4 23. exf4 Nxf4 24. Rf1 Ng6 25. Na4 Qb5 26. d3 Rad8 27. Qf2 Re7 28. Qf6 Rd4 29. Bxd4 cxd4 30. Qxd4 Rd7 31. Qxb6 Qd5 32. Re3 Ne5 33. Kb1 Nxd3 34. Re8+ Kg7 35. Qf6# 1-0

[Event "Play for Durgesh Fundraiser Blitz"]
[Site "Vishy Anand Arena"]
[Date "2020.09.19"]
[Round "8"]
[White "Arghyadip"]
[Black "STRANGE"]
[Result "1/2-1/2"]
[WhiteElo "2201"]
[BlackElo "2427"]
[PlyCount "68"]
[EventDate "2020.09.19"]
[EventType "swiss (blitz)"]

1. e4 Nf6 2. e5 Nd5 3. c4 Nb6 4. d4 d6 5. f4 dxe5 6. fxe5 g6 7. Nc3 Bg7 8. c5 Nd5 9. Bc4 Nxc3 10. bxc3 O-O 11. h4 h5 12. Nf3 Bg4 13. Qb3 Nc6 14. Ng5 e6 15. Qc2 Nxd4 16. cxd4 Qxd4 17. Bb2 Qe3+ 18. Be2 Rad8 19. Nf3 Bxf3 20. gxf3 Bxe5 21. Bxe5 Qxe5 22. Kf2 Rd4 23. Rag1 Rfd8 24. Rxg6+ fxg6 25. Qxg6+ Kf8 26. Rg1 Qh2+ 27. Ke3 Qf4+ 28. Kf2 Qxh4+ 29. Ke3 Qf4+ 30. Kf2 Qh2+ 31. Ke3 Qe5+ 32. Kf2 Qh2+ 33. Ke3 Qf4+ 34. Kf2 Qh2+ 1/2-1/2

[Event "Play for Durgesh Fundraiser Blitz"]
[Site "Vishy Anand Arena"]
[Date "2020.09.19"]
[Round "8"]
[White "Kaustuv Kundu"]
[Black "Aarav810"]
[Result "1-0"]
[WhiteElo "2166"]
[BlackElo "1556"]
[Annotator "NA"]
[PlyCount "89"]
[EventDate "2020.09.19"]
[EventType "swiss (blitz)"]

1. c4 e5 2. g3 Nf6 3. Bg2 c6 4. d4 e4 5. d5 cxd5 6. cxd5 Qa5+ 7. Nc3 Bb4 8. Bd2 Bxc3 9. Bxc3 Qxd5 10. Bxf6 Qxd1+ 11. Rxd1 gxf6 12. Bxe4 Nc6 13. Nf3 Ne5 14. Nd4 d6 15. Nb5 O-O 16. Nxd6 Be6 17. b3 Rad8 18. O-O b6 19. Nb5 Rxd1 20. Rxd1 a6 21. Nc7 a5 22. f4 Nd7 23. Nxe6 fxe6 24. Rxd7 f5 25. Bd3 Rc8 26. Bc4 Rc6 27. Re7 b5 28. Rxe6 Rxe6 29. Bxe6+ Kf8 30. Bxf5 a4 31. Bd3 axb3 32. axb3 b4 33. Bxh7 Ke7 34. Bd3 Kd6 35. Bc4 Kc5 36. h4 Kd4 37. h5 Kc3 38. h6 Kb2 39. h7 Ka3 40. Bd3 Ka2 41. h8=Q Ka3 42. Qa1+ Kxb3 43. Qb1+ Ka3 44. Bc2 b3 45. Qxb3# 1-0

[Event "Play for Durgesh Fundraiser Blitz"]
[Site "Vishy Anand Arena"]
[Date "2020.09.19"]
[Round "8"]
[White "Aaryan Varshney"]
[Black "Padmaesh M K"]
[Result "1-0"]
[WhiteElo "2114"]
[BlackElo "1938"]
[Annotator "NA"]
[PlyCount "37"]
[EventDate "2020.09.19"]
[EventType "swiss (blitz)"]

1. d4 Nf6 2. c4 e6 3. Nf3 d5 4. Nc3 Bb4 5. Bg5 c6 6. Qb3 Qa5 7. Bxf6 gxf6 8. e3 Nd7 9. a3 Bxc3+ 10. bxc3 a6 11. cxd5 exd5 12. Bd3 Nf8 13. O-O Rg8 14. Rfe1 Qc7 15. e4 Bg4 16. exd5+ Kd8 17. d6 Qxd6 18. Qxf7 Bxf3 19. Re8# 1-0

[Event "Play for Durgesh Fundraiser Blitz"]
[Site "Vishy Anand Arena"]
[Date "2020.09.19"]
[Round "8"]
[White "Anirudhha"]
[Black "Audi_S_Tesla"]
[Result "1-0"]
[WhiteElo "2095"]
[BlackElo "1945"]
[Annotator "NA"]
[PlyCount "99"]
[EventDate "2020.09.19"]
[EventType "swiss (blitz)"]

1. e4 e5 2. Nf3 Nc6 3. Bc4 Bc5 4. c3 Nf6 5. d3 a6 6. Bb3 Ba7 7. h3 d6 8. Nbd2 h6 9. Nf1 Be6 10. Bc2 d5 11. Qe2 Qd6 12. Ng3 O-O-O 13. Be3 Bxe3 14. Qxe3 d4 15. Qd2 dxc3 16. bxc3 Qc5 17. O-O Rd7 18. Rfd1 Rhd8 19. Qe1 Na7 20. Rac1 Nb5 21. Bb1 Qa3 22. Nxe5 Re7 23. Nf3 g6 24. e5 Nd7 25. d4 Nb6 26. Ne4 Na4 27. c4 Na7 28. d5 Bf5 29. d6 Re6 30. dxc7 Kxc7 31. Rxd8 Kxd8 32. Rd1+ Kc7 33. Qd2 Nc6 34. Nd6 Nc5 35. Bxf5 gxf5 36. Nxf5 Ne4 37. Qd7+ Kb6 38. Qxf7 Qxa2 39. Qxe6 Qxf2+ 40. Kh1 Qe2 41. Re1 Nf2+ 42. Kh2 Qc2 43. c5+ Ka7 44. Qd6 Nd3 45. Re2 Nf4 46. Rxc2 Nxg2 47. e6 Na5 48. e7 Ne3 49. Qb6+ Kb8 50. e8=Q# 1-0